| 000 | 01098nam a2200337 a 4500 | ||
|---|---|---|---|
| 003 | MX-MxUPN | ||
| 005 | 20221202063559.0 | ||
| 008 | 191204s2013 sp a rb 000 0 spa d | ||
| 020 | _a9788466653091 | ||
| 035 | _aUPN01000234642 | ||
| 040 |
_aMX-MxUPN _bspa _cMX-MxUPN |
||
| 041 | 1 |
_aspa _hger |
|
| 050 | 1 | 4 |
_aHQ784 M3 _bS65 2013 |
| 100 | 1 |
_aSpitzer, Manfred _947506 |
|
| 240 | 1 | 0 |
_aDigitale demenz. _lEspañol |
| 245 | 1 | 0 | _aDemencia digital |
| 246 | 1 | 4 |
_aDemencia digital : _bel peligro de las nuevas tecnologías |
| 250 | _a1a. edición. | ||
| 260 |
_aBarcelona : _bEdiciones B, _c2013 |
||
| 300 |
_a371 páginas : _bilustraciones |
||
| 504 | _aIncluye referencias bibliográficas. | ||
| 650 | 4 |
_aMedios digitales _xAspectos psicológicos _947508 |
|
| 650 | 4 |
_aEducación _xEfecto de las innovaciones tecnológicas _98194 |
|
| 650 | 4 |
_aAtención en los niños _947509 |
|
| 650 | 4 |
_aTecnología y niños _947510 |
|
| 650 | 4 |
_aAdicción a Internet _947511 |
|
| 700 | 1 |
_aSeca, Jorge _947513 _etraductor |
|
| 902 | _aVíctor Ruiz/011222 | ||
| 942 |
_2lcc _cLIBRO |
||
| 999 |
_c206737 _d206737 |
||